000 01105nab a22002057a 4500
999 _c5774
_d5774
003 OSt
005 20260105220404.0
008 190514b xxu||||| |||| 00| 0 spa d
040 _cPJ
100 _94688
_aPiccinelli, Ornela
245 1 0 _aNotificaciones digitales, acceso a justicia y modernización procesal :
_brepensar las formas en clave de derechos humanos, a 40 años de democracia /
_cOrnela Piccinelli.
300 _ap. 85-99
505 _aSumario: I. Hablemos de asuntos pendientes.— II. ¿Qué implica pensar un sistema procesal en clave de derechos?— III. Algunas propuestas de cara a la reforma procesal vinculadas a los actos procesales de comunicación.— IV. Sobre el cierre: alentar discusiones para robustecer derechos conquistados.
505 _tSi te interesa el texto, comunicate a koha@justierradelfuego.gov.ar
650 0 _9967
_aDERECHO DE FAMILIA
650 0 _91953
_aPROCEDIMIENTO CIVIL
650 0 _aTECNOLOGIA DE LA INFORMACION
_9289
773 0 _02844
_93222
_dBuenos Aires : AbeledoPerrot, 1989-
_tDerecho de familia. N° 113 - Marzo 2024
_z18511201
942 _2udc
_cANA